[Event "LSS WC-2010-T-00003"]
[Site "LSS email"]
[Date "2009.06.12"]
[Round "?"]
[White "Baklanov, Valentin Petrovich"]
[Black "Kerndl, Rainer"]
[Result "1-0"]
[WhiteElo "2363"]
[BlackElo "2399"]
[PlyCount "133"]
[EventDate "2009.06.17"]
[EventType "tourn (corr)"]
[EventRounds "12"]
[EventCountry "GER"]
[SourceTitle "Telechess CBM 145"]
[Source "Chessbase"]
[SourceDate "2011.11.11"]
[SourceVersion "1"]
[SourceVersionDate "2011.11.11"]
[SourceQuality "1"]

1. Nf3 d5 2. d4 Nf6 3. c4 e6 4. g3 dxc4 5. Bg2 Bb4+ 6. Bd2 a5 7. Qc2 Nc6 8. Qxc4 Qd5 9. Qd3 Qf5 10. Qxf5 exf5 11. a3 Bd6 12. Nc3 Be6 13. Bf4 Bxf4 14. gxf4 Nd5 15. e3 f6 16. Rg1 Rd8 17. Rc1 Kf7 18. Nxd5 Bxd5 19. Rc5 Ke6 20. Ke2 Rd7 21. Nd2 Bxg2 22. Rxg2 Re8 23. Rg1 g6 24. Rgc1 Rd5 25. Kd3 Ra8 26. Rxd5 Kxd5 27. Rc5+ Ke6 28. d5+ Kd6 29. Rb5 Ne7 30. Nc4+ Kd7 31. Rxb7 Nxd5 32. Rb5 Ke6 33. Rxa5 Rd8 34. Ra6+ Kf7 35. Kc2 Kg7 36. Ra7 Kh6 37. a4 Kh5 38. f3 Kh4 39. e4 fxe4 40. fxe4 Nxf4 41. Rxc7 h5 42. b4 Rb8 43. b5 Ne6 44. Ra7 Nd4+ 45. Kd2 Nxb5 46. axb5 Rxb5 47. Rg7 Rg5 48. Ke3 Kh3 49. Nd2 h4 50. Nf3 Rg4 51. Rf7 f5 52. e5 Kg2 53. Nd2 Ra4 54. e6 Ra3+ 55. Kf4 Ra6 56. e7 Re6 57. Rg7 Kf2 58. Nc4 Re1 59. Nd6 g5+ 60. Kxf5 Kf3 61. Nc4 g4 62. Ne5+ Ke3 63. e8Q Re2 64. Nxg4+ Kd2 65. Qc6 Kd1 66. Rd7+ Rd2 67. Ne3+ 1-0

[Event "LSS WC-2010-T-00003"]
[Site "LSS email"]
[Date "2009.06.12"]
[Round "?"]
[White "Blom, Erik"]
[Black "Kerndl, Rainer"]
[Result "1/2-1/2"]
[WhiteElo "2279"]
[BlackElo "2417"]
[PlyCount "60"]
[EventDate "2009.06.17"]
[EventType "tourn (corr)"]
[EventRounds "12"]
[EventCountry "GER"]
[SourceTitle "Telechess CBM 137"]
[Source "ChessBase"]
[SourceDate "2010.07.15"]
[SourceVersion "1"]
[SourceVersionDate "2010.07.15"]
[SourceQuality "1"]

1. e4 c5 2. Nf3 d6 3. d4 cxd4 4. Nxd4 Nf6 5. Nc3 g6 6. Be3 Bg7 7. f3 0-0 8. Qd2 Nc6 9. Bc4 a6 10. 0-0-0 Bd7 11. h4 h5 12. Kb1 b5 13. Bd5 b4 14. Nce2 Nxd5 15. Nxc6 Nc3+ 16. Qxc3 bxc3 17. Nxd8 Rfxd8 18. b3 Bb5 19. Rhe1 Rab8 20. Bd4 Rdc8 21. Bxg7 Bxe2 22. Rxe2 Kxg7 23. e5 dxe5 24. Rxe5 Kf6 25. Re3 Rb5 26. Rdd3 g5 27. Rxc3 Rg8 28. g3 gxh4 29. gxh4 e6 30. Kb2 Rb4 1/2-1/2

[Event "LSS WC-2010-T-00003"]
[Site "LSS email"]
[Date "2009.06.12"]
[Round "?"]
[White "Buczinski, Henryk"]
[Black "Kerndl, Rainer"]
[Result "1/2-1/2"]
[WhiteElo "2204"]
[BlackElo "2413"]
[PlyCount "78"]
[EventDate "2009.06.17"]
[EventType "tourn (corr)"]
[EventRounds "12"]
[EventCountry "GER"]
[SourceTitle "Corr 2013"]
[Source "ChessBase"]
[SourceDate "2012.11.12"]
[SourceVersion "1"]
[SourceVersionDate "2012.11.12"]
[SourceQuality "1"]
[WhiteTeam "US of America"]
[BlackTeam "US of America"]
[WhiteTeamCountry "USA"]
[BlackTeamCountry "USA"]

1. Nf3 d5 2. d4 Nf6 3. c4 e6 4. Nc3 Bb4 5. Bg5 h6 6. Bxf6 Qxf6 7. e3 Bxc3+ 8. bxc3 0-0 9. Be2 b6 10. 0-0 Nd7 11. cxd5 exd5 12. Bd3 Re8 13. Qa4 Qd6 14. Rab1 Bb7 15. Rfd1 Re7 16. h3 Nf6 17. Rbc1 c5 18. dxc5 bxc5 19. Rb1 Qc7 20. Qa3 a6 21. Nh4 Ree8 22. Qb2 Bc8 23. Qb6 Qxb6 24. Rxb6 Be6 25. a4 c4 26. Bc2 Reb8 27. Rdb1 Nd7 28. R6b4 Rxb4 29. Rxb4 Rb8 30. Nf3 a5 31. Rxb8+ Nxb8 32. Kf1 Kf8 33. Ke2 g6 34. Ne5 Ke7 35. e4 dxe4 36. Bxe4 Kd6 37. f4 Nd7 38. Nxd7 Bxd7 39. Bc2 g5 1/2-1/2

[Event "LSS WC-2010-T-00003"]
[Site "LSS email"]
[Date "2009.06.12"]
[Round "?"]
[White "Evans, Gordon R"]
[Black "Kerndl, Rainer"]
[Result "1/2-1/2"]
[WhiteElo "2369"]
[BlackElo "2416"]
[PlyCount "51"]
[EventDate "2009.06.17"]
[EventType "tourn (corr)"]
[EventRounds "12"]
[EventCountry "GER"]
[SourceTitle "Corr 2011"]
[Source "ChessBase"]
[SourceDate "2010.08.31"]
[SourceVersion "1"]
[SourceVersionDate "2010.08.31"]
[SourceQuality "1"]

1. d4 Nf6 2. c4 e6 3. Nf3 d5 4. g3 dxc4 5. Bg2 Bb4+ 6. Bd2 a5 7. 0-0 Nc6 8. e3 0-0 9. Qe2 Bd6 10. Nc3 e5 11. Qxc4 h6 12. d5 Ne7 13. Rfd1 b6 14. e4 Ba6 15. Qb3 b5 16. Nxb5 Nxe4 17. a4 Nxd2 18. Nxd2 Nf5 19. Nc4 Bxb5 20. axb5 Nd4 21. Qd3 Nxb5 22. Rxa5 Rxa5 23. Nxa5 Nd4 24. Nc6 Nxc6 25. dxc6 Qf6 26. Qc3 1/2-1/2

[Event "LSS WC-2010-T-00003"]
[Site "LSS email"]
[Date "2009.06.12"]
[Round "?"]
[White "Kerndl, Rainer"]
[Black "Felicio, Clairton"]
[Result "1-0"]
[WhiteElo "2417"]
[BlackElo "2297"]
[PlyCount "105"]
[EventDate "2009.06.17"]
[EventType "tourn (corr)"]
[EventRounds "12"]
[EventCountry "GER"]
[SourceTitle "Corr 2013"]
[Source "ChessBase"]
[SourceDate "2012.11.12"]
[SourceVersion "1"]
[SourceVersionDate "2012.11.12"]
[SourceQuality "1"]
[WhiteTeam "US of America"]
[BlackTeam "US of America"]
[WhiteTeamCountry "USA"]
[BlackTeamCountry "USA"]

1. c4 Nf6 2. Nc3 e6 3. Nf3 Bb4 4. e3 0-0 5. d4 d5 6. Bd3 b6 7. 0-0 Bb7 8. cxd5 exd5 9. a3 Bd6 10. b4 a6 11. Ne5 Nbd7 12. f4 c5 13. bxc5 bxc5 14. Rb1 Rb8 15. Bd2 Qc7 16. Qa4 c4 17. Bf5 Nb6 18. Qa5 Nc8 19. Na4 Qxa5 20. Bxa5 Ne7 21. Bc2 Nc6 22. Bd2 Ba8 23. Nb6 Na7 24. Nxa8 Rxb1 25. Rxb1 Rxa8 26. a4 Rb8 27. Rxb8+ Bxb8 28. Kf2 Bc7 29. Kf3 Nc8 30. g4 Nd6 31. Nc6 h6 32. h4 Kf8 33. g5 Nfe4 34. Bb4 f5 35. a5 Kf7 36. Ba4 Ke6 37. Ne5 Ke7 38. Bd7 Bd8 39. Bc6 Ke6 40. Ke2 Ng3+ 41. Kd1 hxg5 42. fxg5 Bc7 43. Nd7 f4 44. Nc5+ Ke7 45. exf4 Ndf5 46. Nxa6+ Bd6 47. Nc5 Nxd4 48. Ba4 c3 49. a6 c2+ 50. Bxc2 Nc6 51. Bg6 Bxf4 52. Nd3+ Bd6 53. h5 1-0

[Event "LSS WC-2010-T-00003"]
[Site "LSS email"]
[Date "2009.06.12"]
[Round "?"]
[White "Kerndl, Rainer"]
[Black "Mueller, Klaus Detlef"]
[Result "1/2-1/2"]
[WhiteElo "2416"]
[BlackElo "2399"]
[PlyCount "65"]
[EventDate "2009.06.17"]
[EventType "tourn (corr)"]
[EventRounds "12"]
[EventCountry "GER"]
[SourceTitle "Corr 2011"]
[Source "ChessBase"]
[SourceDate "2010.08.31"]
[SourceVersion "1"]
[SourceVersionDate "2010.08.31"]
[SourceQuality "1"]

1. c4 e5 2. Nc3 Nf6 3. Nf3 Nc6 4. g3 d5 5. cxd5 Nxd5 6. Bg2 Nb6 7. d3 Be7 8. 0-0 0-0 9. a3 Be6 10. b4 a5 11. b5 Nd4 12. Nxe5 Bf6 13. f4 Nb3 14. Be3 Nxa1 15. Qxa1 Nd5 16. Bf2 Bxe5 17. fxe5 a4 18. Ne4 b6 19. Qb2 h6 20. Nd2 Qd7 21. e4 Ne7 22. d4 Bh3 23. Bxh3 Qxh3 24. d5 Ng6 25. Bd4 Qg4 26. Kh1 Rad8 27. Re1 Rfe8 28. Rf1 h5 29. Qc2 Rd7 30. Nc4 h4 31. Qd3 hxg3 32. hxg3 Qh5+ 33. Kg1 1/2-1/2

[Event "LSS ST-2008-0-00040"]
[Site "LSS email"]
[Date "2008.12.13"]
[Round "?"]
[White "Szabo, Vilmos"]
[Black "Kerndl, Rainer"]
[Result "1/2-1/2"]
[WhiteElo "2402"]
[BlackElo "2431"]
[PlyCount "99"]
[EventDate "2008.10.16"]
[EventType "tourn (corr)"]
[EventRounds "6"]
[EventCountry "GER"]
[SourceTitle "Corr 2011"]
[Source "ChessBase"]
[SourceDate "2010.08.31"]
[SourceVersion "1"]
[SourceVersionDate "2010.08.31"]
[SourceQuality "1"]

1. d4 Nf6 2. c4 e6 3. Nf3 b6 4. g3 Bb7 5. Bg2 Bb4+ 6. Bd2 Qe7 7. 0-0 0-0 8. Bf4 Bd6 9. Bxd6 cxd6 10. Nc3 Ne4 11. Rc1 Na6 12. Nb5 f5 13. d5 exd5 14. cxd5 Nb4 15. Qb3 a5 16. a3 Na6 17. Qe3 Qf6 18. Rcd1 g6 19. Nd2 Nxd2 20. Qxd2 Rac8 21. b4 axb4 22. axb4 Rc4 23. Rb1 Rfc8 24. Rb3 Qe5 25. Na3 Rc3 26. Rxc3 Rxc3 27. Nb5 Rc8 28. Qf4 Qxf4 29. gxf4 Rb8 30. Nxd6 b5 31. Ra1 Nxb4 32. Rb1 Na6 33. Rxb5 Ba8 34. Rxb8+ Nxb8 35. Ne8 Kf7 36. Nc7 Bb7 37. d6 Bxg2 38. Kxg2 Nc6 39. f3 Nd4 40. Kf2 Ne6 41. Ke3 h6 42. h3 Kf6 43. Nd5+ Kf7 44. h4 Nd8 45. Kd4 Ke6 46. Ne7 Kxd6 47. Nxg6 Nc6+ 48. Kc3 Ke6 49. e4 h5 50. Nf8+ 1/2-1/2

[Event "LSS CP-2008-P-00043"]
[Site "LSS email"]
[Date "2008.10.01"]
[Round "?"]
[White "Kerndl, Rainer"]
[Black "Staggat, Rolf"]
[Result "1/2-1/2"]
[WhiteElo "2431"]
[BlackElo "1973"]
[PlyCount "61"]
[EventDate "2008.10.01"]
[EventType "tourn (corr)"]
[EventRounds "6"]
[EventCountry "GER"]
[SourceTitle "Corr 2011"]
[Source "ChessBase"]
[SourceDate "2010.08.31"]
[SourceVersion "1"]
[SourceVersionDate "2010.08.31"]
[SourceQuality "1"]

1. c4 e5 2. Nc3 Nf6 3. Nf3 Nc6 4. g3 d5 5. cxd5 Nxd5 6. Bg2 Nb6 7. 0-0 Be7 8. d3 0-0 9. a3 Be6 10. b4 a5 11. b5 Nd4 12. Nxe5 Bf6 13. f4 Nb3 14. Be3 Nxa1 15. Qxa1 Bxe5 16. fxe5 Nd5 17. Bc5 Re8 18. a4 Qd7 19. Bf2 Rad8 20. Nxd5 Bxd5 21. e4 Be6 22. d4 Bh3 23. Bxh3 Qxh3 24. Qc3 Rd7 25. d5 Qg4 26. Re1 h5 27. Bd4 h4 28. Kg2 h3+ 29. Kf2 c6 30. bxc6 bxc6 31. dxc6 1/2-1/2

[Event "LSS CP-2008-P-00043"]
[Site "LSS email"]
[Date "2008.10.01"]
[Round "?"]
[White "Korovin, Sergei"]
[Black "Kerndl, Rainer"]
[Result "0-1"]
[WhiteElo "1713"]
[BlackElo "2434"]
[PlyCount "90"]
[EventDate "2008.10.01"]
[EventType "tourn (corr)"]
[EventRounds "6"]
[EventCountry "GER"]
[SourceTitle "Corr 2011"]
[Source "ChessBase"]
[SourceDate "2010.08.31"]
[SourceVersion "1"]
[SourceVersionDate "2010.08.31"]
[SourceQuality "1"]

1. e4 e5 2. Nc3 Nf6 3. Bc4 Bc5 4. d3 0-0 5. Bg5 h6 6. Bh4 c6 7. Nf3 d6 8. 0-0 a5 9. a4 Bg4 10. h3 Bh5 11. g4 Bg6 12. Bg3 Na6 13. Nh4 Bh7 14. Qf3 Nc7 15. Nf5 Ne6 16. Bh4 Bxf5 17. Qxf5 Nd4 18. Bxf6 Qxf6 19. Qxf6 gxf6 20. Rfc1 Rfd8 21. Kf1 Ne6 22. Bxe6 fxe6 23. Ke2 Kf7 24. Rf1 Rh8 25. Rh1 h5 26. gxh5 Rxh5 27. Rag1 Rah8 28. Rg3 f5 29. Nb1 d5 30. Nd2 f4 31. Rf3 Kg6 32. Nb3 Bb6 33. Nd2 R5h7 34. b3 Bd4 35. Nb1 Kf6 36. Nd2 Bb2 37. Nf1 b5 38. Nd2 Rb7 39. axb5 cxb5 40. c4 a4 41. bxa4 bxa4 42. exd5 Bd4 43. Ne4+ Ke7 44. d6+ Kd7 45. Rc1 a3 0-1

[Event "LSS CP-2008-P-00043"]
[Site "LSS email"]
[Date "2008.10.01"]
[Round "?"]
[White "Tjiptadi, Agus"]
[Black "Kerndl, Rainer"]
[Result "0-1"]
[WhiteElo "1166"]
[BlackElo "2434"]
[PlyCount "66"]
[EventDate "2008.10.01"]
[EventType "tourn (corr)"]
[EventRounds "6"]
[EventCountry "GER"]
[SourceTitle "Corr 2013"]
[Source "ChessBase"]
[SourceDate "2012.11.12"]
[SourceVersion "1"]
[SourceVersionDate "2012.11.12"]
[SourceQuality "1"]
[WhiteTeam "US of America"]
[BlackTeam "US of America"]
[WhiteTeamCountry "USA"]
[BlackTeamCountry "USA"]

1. e4 c5 2. Nf3 Nc6 3. c3 d5 4. exd5 Qxd5 5. d4 Bg4 6. Be2 e6 7. 0-0 Nf6 8. h3 Bxf3 9. Bxf3 Qd7 10. Be3 cxd4 11. cxd4 Rd8 12. Nc3 Be7 13. Qa4 Nxd4 14. Qxd4 Qxd4 15. Bxd4 Rxd4 16. Bxb7 Rb4 17. Bc6+ Kf8 18. b3 g6 19. Rab1 Kg7 20. Bf3 Rc8 21. Rbc1 Rbb8 22. Ne2 Ba3 23. Rxc8 Rxc8 24. Nd4 e5 25. Nb5 Bf8 26. Nxa7 Rc2 27. a4 e4 28. Bd1 Rb2 29. Nc6 Nd5 30. Re1 Bc5 31. Re2 Rb1 32. Rd2 e3 33. Rxd5 e2 0-1

[Event "IECG CP.1998.F.00001"]
[Site "IECG email"]
[Date "2001.10.01"]
[Round "?"]
[White "Kerndl, Rainer"]
[Black "Keskowski, Thilo"]
[Result "1/2-1/2"]
[WhiteElo "2335"]
[BlackElo "2292"]
[PlyCount "58"]
[EventDate "2001.10.01"]
[EventType "tourn (corr)"]
[EventRounds "9"]
[SourceTitle "Corr 2008"]
[Source "ChessBase"]
[SourceDate "2008.06.24"]
[SourceVersion "1"]
[SourceVersionDate "2008.06.24"]
[SourceQuality "1"]

1. c4 e5 2. Nc3 Nc6 3. Nf3 f5 4. d4 e4 5. Bg5 Be7 6. Bxe7 Ncxe7 7. Nd2 Nf6 8. e3 0-0 9. Be2 d6 10. 0-0 c5 11. dxc5 dxc5 12. Qb3 b6 13. Rad1 Qc7 14. Nd5 Qd6 15. f3 exf3 16. Nxf6+ Qxf6 17. Bxf3 Rb8 18. Rf2 Be6 19. Bd5 Qh6 20. Nf1 Rbd8 21. Ng3 Qg6 22. Rdd2 Nxd5 23. cxd5 Bc8 24. Qa4 a6 25. Qf4 Qd6 26. Qxd6 Rxd6 27. e4 Re8 28. Rfe2 Red8 29. exf5 Kf7 1/2-1/2

[Event "IECG CP.1998.F.00001"]
[Site "IECG email"]
[Date "2001.10.01"]
[Round "?"]
[White "Kerndl, Rainer"]
[Black "Krueger, Hilmar"]
[Result "1/2-1/2"]
[WhiteElo "2335"]
[BlackElo "2281"]
[PlyCount "74"]
[EventDate "2001.10.01"]
[EventType "tourn (corr)"]
[EventRounds "9"]
[SourceTitle "Corr 2008"]
[Source "ChessBase"]
[SourceDate "2008.06.24"]
[SourceVersion "1"]
[SourceVersionDate "2008.06.24"]
[SourceQuality "1"]

1. c4 Nf6 2. Nc3 g6 3. e4 d6 4. d4 Bg7 5. Nf3 0-0 6. Be2 e5 7. d5 a5 8. Bg5 h6 9. Bh4 Na6 10. Nd2 Qe8 11. 0-0 Nh7 12. Re1 Bd7 13. Bg3 Qe7 14. a3 h5 15. f3 h4 16. Bf2 Bh6 17. Nb3 a4 18. Nc1 h3 19. Nxa4 hxg2 20. Kxg2 Ng5 21. Nd3 Nh3 22. Bg3 Be3 23. Bf1 Qg5 24. Kh1 Kg7 25. Qe2 Bd4 26. Bxh3 Bxh3 27. f4 exf4 28. Nxf4 Bd7 29. Qd2 Bf6 30. Nc3 Nc5 31. Ra2 Nb3 32. Qg2 Rfe8 33. Nd3 Qd2 34. Qxd2 Nxd2 35. e5 dxe5 36. Nxe5 Bf5 37. Kg2 Nxc4 1/2-1/2

[Event "IECG WC.2002.T.00001 email"]
[Site "IECG email"]
[Date "2001.06.15"]
[Round "?"]
[White "Kerndl, Rainer"]
[Black "Bonatti, Walter Fabian"]
[Result "1/2-1/2"]
[WhiteElo "2325"]
[BlackElo "2503"]
[PlyCount "70"]
[EventDate "2001.06.15"]
[EventType "tourn (corr)"]
[EventRounds "11"]
[SourceTitle "Corr 2008"]
[Source "ChessBase"]
[SourceDate "2008.06.24"]
[SourceVersion "1"]
[SourceVersionDate "2008.06.24"]
[SourceQuality "1"]

1. c4 e5 2. Nc3 Nc6 3. Nf3 Nf6 4. g3 Bb4 5. Bg2 0-0 6. 0-0 e4 7. Ne1 Bxc3 8. dxc3 h6 9. Nc2 Re8 10. Ne3 d6 11. Qc2 a5 12. Rd1 b6 13. Nd5 Bf5 14. b3 Nxd5 15. cxd5 Nb8 16. c4 Qf6 17. Be3 Nd7 18. Rac1 Qg6 19. h3 Nf6 20. Qc3 Bd7 21. Bd4 Nh7 22. a3 f6 23. Qe3 Ng5 24. h4 Nf7 25. Rc3 Qh5 26. Re1 f5 27. f3 exf3 28. Qxf3 Qxf3 29. Rxf3 Re7 30. e4 Ne5 31. Rfe3 Ng4 32. R3e2 Rae8 33. Bf3 Ne5 34. Bxe5 Rxe5 35. exf5 Rxe2 1/2-1/2

[Event "IECG WC.2003.S.00009 email"]
[Site "IECG email"]
[Date "2001.04.01"]
[Round "?"]
[White "Bergmann, Michael"]
[Black "Kerndl, Rainer"]
[Result "1/2-1/2"]
[WhiteElo "2358"]
[BlackElo "2325"]
[PlyCount "72"]
[EventDate "2001.04.01"]
[EventType "tourn (corr)"]
[EventRounds "8"]
[SourceTitle "Corr 2008"]
[Source "ChessBase"]
[SourceDate "2008.06.24"]
[SourceVersion "1"]
[SourceVersionDate "2008.06.24"]
[SourceQuality "1"]

1. e4 c5 2. Nf3 d6 3. d4 cxd4 4. Nxd4 Nf6 5. Nc3 g6 6. Be3 Bg7 7. f3 0-0 8. Qd2 Nc6 9. 0-0-0 d5 10. exd5 Nxd5 11. Nxc6 bxc6 12. Bd4 Bxd4 13. Qxd4 Qb6 14. Na4 Qa5 15. b3 Qc7 16. h4 Bf5 17. g4 e5 18. Qc5 Be6 19. g5 Rad8 20. Bd3 Nf4 21. Be4 Bd5 22. Bxd5 Nxd5 23. h5 Rfe8 24. hxg6 fxg6 25. Nc3 Qb6 26. Ne4 Qxc5 27. Nxc5 Nf4 28. Nd7 Kg7 29. Rd6 Re7 30. Rxh7+ Kxh7 31. Nf6+ Kg7 32. Rxd8 Ne6 33. Rd7 Kf7 34. Rxe7+ Kxe7 35. Ne4 Nd4 36. Nd2 Ne2+ 1/2-1/2

[Event "IECG WC.2003.S.00009 email"]
[Site "IECG email"]
[Date "2001.04.01"]
[Round "?"]
[White "Kerndl, Rainer"]
[Black "Kuchle, Wolfgang"]
[Result "1-0"]
[WhiteElo "2325"]
[BlackElo "2141"]
[PlyCount "33"]
[EventDate "2001.04.01"]
[EventType "tourn (corr)"]
[EventRounds "8"]
[SourceTitle "Corr 2008"]
[Source "ChessBase"]
[SourceDate "2008.06.24"]
[SourceVersion "1"]
[SourceVersionDate "2008.06.24"]
[SourceQuality "1"]

1. c4 c6 2. e4 d5 3. cxd5 cxd5 4. exd5 Nf6 5. Qa4+ Nbd7 6. Nc3 g6 7. g4 Bg7 8. g5 Nh5 9. d4 0-0 10. Bg2 Nb6 11. Qb4 a5 12. Qb3 e6 13. Nge2 Re8 14. dxe6 Bxe6 15. Qd1 Qd7 16. 0-0 Bh3 17. Qd3 1-0

[Event "IECG WC.2003.S.00009 email"]
[Site "IECG email"]
[Date "2001.04.01"]
[Round "?"]
[White "Pijl, Richard"]
[Black "Kerndl, Rainer"]
[Result "1-0"]
[WhiteElo "2047"]
[BlackElo "2325"]
[PlyCount "143"]
[EventDate "2001.04.01"]
[EventType "tourn (corr)"]
[EventRounds "8"]
[SourceTitle "Corr 2008"]
[Source "ChessBase"]
[SourceDate "2008.06.24"]
[SourceVersion "1"]
[SourceVersionDate "2008.06.24"]
[SourceQuality "1"]

1. e4 c5 2. Nf3 d6 3. d4 cxd4 4. Nxd4 Nf6 5. Nc3 g6 6. Be3 Bg7 7. f3 0-0 8. Qd2 Nc6 9. 0-0-0 d5 10. exd5 Nxd5 11. Nxc6 bxc6 12. Bd4 Bxd4 13. Qxd4 Qb6 14. Na4 Qa5 15. b3 Qc7 16. h4 Bf5 17. g4 e5 18. Qc5 Be6 19. Bd3 Nf4 20. Be4 Rac8 21. h5 gxh5 22. Nc3 f6 23. gxh5 Kh8 24. Rd6 Qe7 25. Rhd1 Bf7 26. Bf5 Rc7 27. h6 Bd5 28. Rg1 Rf7 29. Rf1 Rb7 30. Rd1 Qf8 31. Nxd5 cxd5 32. Qc8 Rbc7 33. Qd8 Rce7 34. Qxf8+ Rxf8 35. Kb2 d4 36. Rc1 Rc7 37. c4 Ne2 38. Rc2 Ng3 39. Be6 f5 40. c5 e4 41. fxe4 fxe4 42. Rg2 Nh5 43. Rg4 Rxc5 44. Rxe4 d3 45. Bc4 Ng3 46. Ree6 Nf5 47. Rxd3 Rb8 48. Bd5 Nh4 49. Be4 Ng6 50. Bxg6 hxg6 51. Rd7 Rh5 52. Rxg6 Rh2+ 53. Ka3 a5 54. Ra7 Rh5 55. Rga6 Rbb5 56. h7 Rh4 57. Rg6 Rb8 58. Rg8+ Rxg8 59. hxg8Q+ Kxg8 60. Rxa5 Kf7 61. Re5 Rh3 62. Kb4 Rh8 63. a4 Kf6 64. Re1 Kf5 65. a5 Rb8+ 66. Ka4 Ra8 67. b4 Ra7 68. b5 Rd7 69. b6 Rd4+ 70. Kb5 Kf6 71. b7 Rd5+ 72. Kb6 1-0

[Event "IECG CP.1998.S.00005"]
[Site "IECG email"]
[Date "2000.10.01"]
[Round "?"]
[White "Burkett, Max"]
[Black "Kerndl, Rainer"]
[Result "1/2-1/2"]
[WhiteElo "2189"]
[BlackElo "2295"]
[PlyCount "78"]
[EventDate "2000.10.01"]
[EventType "tourn (corr)"]
[EventRounds "6"]
[EventCountry "AUT"]
[SourceTitle "Corr 2008"]
[Source "ChessBase"]
[SourceDate "2008.06.24"]
[SourceVersion "1"]
[SourceVersionDate "2008.06.24"]
[SourceQuality "1"]

1. e4 c5 2. Nf3 Nc6 3. d4 cxd4 4. Nxd4 e5 5. Nb5 a6 6. Nd6+ Bxd6 7. Qxd6 Qf6 8. Qc7 Nge7 9. Nc3 Nb4 10. Bd3 d5 11. 0-0 d4 12. Ne2 Nec6 13. f4 Qe7 14. Qxe7+ Kxe7 15. fxe5 Bg4 16. Nf4 Nxe5 17. Nd5+ Nxd5 18. exd5 Kd6 19. Rf4 Kxd5 20. b3 g5 21. Bc4+ Kc5 22. Ba3+ Kb6 23. Rxd4 Nxc4 24. bxc4 Be6 25. Be7 Rac8 26. c5+ Ka7 27. Rd6 g4 28. Bf6 Rhe8 29. Bd4 Kb8 30. Bf2 Rc6 31. a4 Kc8 32. Rxc6+ bxc6 33. Re1 Re7 34. Bd4 Rb7 35. Bc3 Rd7 36. Kf2 Rd5 37. Re5 Kd7 38. Ke2 Rxe5+ 39. Bxe5 Bd5 1/2-1/2

[Event "IECG CM.2000.0.00105"]
[Site "IECG email"]
[Date "2000.??.??"]
[Round "?"]
[White "Loukanov, Tsvetomir"]
[Black "Kerndl, Rainer"]
[Result "0-1"]
[WhiteElo "2557"]
[BlackElo "2271"]
[PlyCount "64"]
[EventDate "2000.05.05"]
[EventType "tourn (corr)"]
[EventRounds "6"]
[SourceTitle "Corr 2008"]
[Source "ChessBase"]
[SourceDate "2008.06.24"]
[SourceVersion "1"]
[SourceVersionDate "2008.06.24"]
[SourceQuality "1"]

1. d4 Nf6 2. Nf3 d5 3. c4 e6 4. Nc3 c6 5. Bg5 h6 6. Bh4 dxc4 7. e4 g5 8. Bg3 b5 9. Qc2 Nh5 10. a4 Bb4 11. Be2 Nxg3 12. hxg3 Bb7 13. Qd2 f6 14. Qe3 Nd7 15. Nd2 Qb6 16. Bh5+ Kf8 17. Kf1 a6 18. Bg4 Re8 19. Na2 Bd6 20. Nc3 Re7 21. Nf3 c5 22. axb5 axb5 23. Qd2 cxd4 24. Nxd4 Ne5 25. Bh5 Bc5 26. Ndxb5 Rd7 27. Qc2 Nd3 28. f3 Ke7 29. Rd1 Ba6 30. Na3 Rb8 31. e5 f5 32. Nab1 Qc7 0-1

[Event "IECG CM.2000.0.00105"]
[Site "IECG email"]
[Date "2000.??.??"]
[Round "?"]
[White "Schulze, Michael"]
[Black "Kerndl, Rainer"]
[Result "1/2-1/2"]
[WhiteElo "2239"]
[BlackElo "2271"]
[PlyCount "88"]
[EventDate "2000.05.05"]
[EventType "tourn (corr)"]
[EventRounds "6"]
[SourceTitle "Corr 2008"]
[Source "ChessBase"]
[SourceDate "2008.06.24"]
[SourceVersion "1"]
[SourceVersionDate "2008.06.24"]
[SourceQuality "1"]

1. d4 Nf6 2. c4 e6 3. Nf3 b6 4. g3 Ba6 5. Nbd2 d5 6. cxd5 exd5 7. Bg2 Be7 8. 0-0 0-0 9. Ne5 c5 10. dxc5 Qc7 11. Ndf3 bxc5 12. b3 Bd6 13. Bb2 Re8 14. Nd3 Nbd7 15. Rc1 Qb6 16. Re1 Rad8 17. e3 Ne4 18. Nf4 Bxf4 19. gxf4 Bb7 20. Qc2 Qh6 21. Nd2 Nd6 22. Ba3 d4 23. Bxc5 Nxc5 24. Qxc5 dxe3 25. Rxe3 Bxg2 26. Kxg2 Qxf4 27. Rce1 Rxe3 28. Qxe3 Qg4+ 29. Qg3 Qd7 30. Ne4 Qe6 31. Qd3 h6 32. Re3 Qc8 33. Nxd6 Qc6+ 34. Qe4 Qxd6 35. b4 Qf6 36. a3 a5 37. Qe7 Qg6+ 38. Rg3 Qc6+ 39. Rf3 Qd5 40. bxa5 Rd6 41. Kg1 Qd1+ 42. Kg2 Qd5 43. Qe8+ Kh7 44. Qe2 Rg6+ 1/2-1/2

[Event "IECG CM.1999.0.00070"]
[Site "IECG email"]
[Date "1999.??.??"]
[Round "?"]
[White "Kerndl, Rainer"]
[Black "Hildner, Karl Josef"]
[Result "1/2-1/2"]
[WhiteElo "2225"]
[BlackElo "2185"]
[PlyCount "99"]
[EventDate "1999.02.19"]
[EventType "tourn (corr)"]
[EventRounds "6"]
[SourceTitle "Corr 2008"]
[Source "ChessBase"]
[SourceDate "2008.06.24"]
[SourceVersion "1"]
[SourceVersionDate "2008.06.24"]
[SourceQuality "1"]

1. c4 e5 2. Nc3 Nc6 3. Nf3 Nf6 4. g3 Bb4 5. Bg2 0-0 6. 0-0 e4 7. Ne1 Bxc3 8. dxc3 h6 9. Nc2 d6 10. Ne3 Re8 11. Qc2 a5 12. a4 Qe7 13. Nd5 Nxd5 14. cxd5 Nb8 15. Be3 Bf5 16. Rfd1 Nd7 17. b3 b6 18. Qd2 Qf6 19. Bd4 Qg6 20. Re1 Re7 21. h3 Nc5 22. Ra3 h5 23. Qc1 Rae8 24. Qe3 Nd7 25. Qf4 Nf6 26. c4 Nh7 27. Bc3 Ng5 28. Kh2 f6 29. b4 axb4 30. Bxb4 Nf7 31. a5 bxa5 32. Bxa5 Ne5 33. Rc1 Qh7 34. Kh1 g5 35. Qd2 h4 36. g4 Bc8 37. Qe3 Qf7 38. Qd4 Ng6 39. Bd2 Nf4 40. Rg1 Nxe2 41. Qe3 Nxg1 42. Kxg1 Qg6 43. Ra8 Kh7 44. Ra7 Kh6 45. Bf1 f5 46. gxf5 Bxf5 47. c5 Kh7 48. cxd6 Qxd6 49. Qe2 Bc8 50. Rxc7 1/2-1/2

[Event "IECG CM.1999.0.00084"]
[Site "IECG email"]
[Date "1999.??.??"]
[Round "?"]
[White "Kerndl, Rainer"]
[Black "Ilyes, Peter"]
[Result "0-1"]
[WhiteElo "2227"]
[BlackElo "2400"]
[PlyCount "92"]
[EventDate "1999.07.26"]
[EventType "tourn (corr)"]
[EventRounds "6"]
[SourceTitle "Corr 2008"]
[Source "ChessBase"]
[SourceDate "2008.06.24"]
[SourceVersion "1"]
[SourceVersionDate "2008.06.24"]
[SourceQuality "1"]

1. c4 e5 2. Nc3 Nf6 3. Nf3 Nc6 4. g3 Bb4 5. Bg2 0-0 6. 0-0 e4 7. Ne1 Bxc3 8. dxc3 h6 9. Nc2 Re8 10. Ne3 b6 11. Qc2 Bb7 12. Rd1 Ne5 13. h3 a5 14. Nd5 Nxc4 15. Nxf6+ Qxf6 16. Rxd7 e3 17. Bxb7 Rad8 18. Rd4 Rxd4 19. cxd4 Qxf2+ 20. Kh1 Nd2 21. Bxd2 exd2 22. Bf3 Qe1+ 23. Rxe1 dxe1Q+ 24. Kg2 Qb4 25. d5 Qc5 26. Qf5 g6 27. Qf6 Qd6 28. Qc3 f5 29. Qc1 Kg7 30. a3 Re7 31. Qd2 Kh7 32. Qc2 f4 33. gxf4 Qxf4 34. e4 Rf7 35. Qf2 h5 36. Qg3 Qc1 37. Qf2 a4 38. Qe2 Qf4 39. Qf2 g5 40. e5 Qxe5 41. Qc2+ Kh6 42. Qc3 Qxc3 43. bxc3 Rxf3 44. Kxf3 Kg6 45. Ke4 Kf6 46. c4 h4 0-1